O-Train (Ottawa LRT) Stations - Statistics

General Stats
  • This quiz has been taken 49 times
  • The average score is 25 of 41
Answer Stats
Line Roadway Station % Correct
1, 3 _____ Rd Blair
94%
1, 3 ____ St N Lyon
94%
1, 3 Rideau St/Colonel By Dr Rideau
94%
1, 3 __. _______ Blvd St-Laurent
94%
1, 3 Nicholas St uOttawa
94%
1, 3 O'Connor St Parliament
89%
1, 3 Holland Ave Tunney's Pasture
89%
4 _______ Pkwy Airport
78%
1, 2, 3 Albert St Bayview
78%
1, 3 Vanier Pkwy Hurdman
78%
1, 3 ____ Ave Lees
78%
2, 4 Aiport Pkwy/Daze St South Keys
78%
2 University Dr/Campus Ave Carleton
72%
1, 3 ________ Rd Tremblay
72%
1, 3 ____ Rd Trim
72%
2 _______ Rd Walkley
72%
2 Bank St/Johnston Rd Greenboro
67%
2 ________ Rd/Town Square Pl Limebank
67%
1, 3 Booth St Pimisi
67%
1, 3 Champlain St Place d'Orleans
67%
2 Gladstone Ave Corso Italia
61%
1, 3 ________ Rd Cyrville
61%
1, 3 ________ Rd/St Joseph Blvd Montreal
61%
3 ______ Dr/Corkstown Rd Moodie
61%
2 Bronson Ave/Heron Rd Mooney's Bay
61%
3 Richmond Rd/Woodridge Cres Bayshore
56%
1, 3 ______ _'___ Blvd Jeanne D'Arc
56%
2 __________ Rd Bowesville
50%
2 Carling Ave Dow's Lake
50%
1, 3 Athlone Ave/Tweedsmuir Ave Westboro
50%
2 _______ Rd Leitrim
39%
1 College Ave/Navaho Dr Algonquin
33%
1 ____ St Iris
33%
4 _______ Dr Uplands
33%
1, 3 Orleans Blvd Convent Glen
28%
1, 3 Carling Ave Lincoln Fields
28%
1, 3 ___ _______ Ave New Orchard
28%
3 _________ Rd/Greenbank Rd Pinecrest
28%
1, 3 _____ ____ Mikan/Dominion Ave Kichi Zibi
22%
3 __________ Dr/Baxter Rd Queensview
22%
1, 3 __________ Rd Sherbourne
17%
No matching quizzes found
Score Distribution
Percent of People with Each Score
Percentile by Number Answered
Your Score History
You have not taken this quiz